| Tag |
First Indicator |
Second Indicator |
Subfields |
| LEADER |
00000cam a2200000 a 4500 |
| 001 |
in00000031238 |
| 005 |
20151007060340.0 |
| 008 |
850809r19861880nyu b 00110 ger |
| 010 |
|
|
|a 85018235
|
| 020 |
|
|
|a 0820400459 :
|c $73.00
|
| 035 |
|
|
|a (OCoLC)12418976
|
| 035 |
|
|
|9 AAC0631AM
|
| 040 |
|
|
|a DLC
|c DLC
|d m/c
|d TXA
|d UtOrBLW
|
| 041 |
0 |
|
|a ger
|a eng
|
| 043 |
|
|
|a n-us---
|
| 049 |
|
|
|a TXAM
|c [A11683266]
|
| 050 |
0 |
0 |
|a E184.G3
|b K7 1986
|
| 082 |
0 |
|
|a 973/.0431
|2 19
|
| 100 |
1 |
|
|a Körner, Gustav Philipp,
|d 1809-1896.
|
| 245 |
1 |
4 |
|a Das deutsche Element in den Vereinigten Staaten von Nordamerika, 1818-1848 /
|c Gustav Phillip [as printed] Körner ; herausgegeben und mit einer Einleitung in englischer Sprache von Patricia A. Herminghouse.
|
| 264 |
|
1 |
|a New York :
|b P. Lang,
|c [1986]
|
| 264 |
|
4 |
|c ©1986
|
| 300 |
|
|
|a 7, 461 pages ;
|c 23 cm.
|
| 336 |
|
|
|a text
|b txt
|2 rdacontent
|
| 337 |
|
|
|a unmediated
|b n
|2 rdamedia
|
| 338 |
|
|
|a volume
|b nc
|2 rdacarrier
|
| 490 |
1 |
|
|a Crosscurrents, writings of German political emigrés in nineteenth-century America. Section II, America and the Americans,
|x 0741-2096 ;
|v v. 3
|
| 500 |
|
|
|a Reprint. Originally published: Cincinnati : A.E. Wilde, 1880.
|
| 504 |
|
|
|a Bibliography: pages 433-435.
|
| 500 |
|
|
|a Includes index.
|
| 650 |
|
0 |
|a German Americans
|x History
|y 19th century.
|
| 650 |
|
0 |
|a Immigrants
|z United States.
|
| 700 |
1 |
|
|a Herminghouse, Patricia.
|
| 830 |
|
0 |
|a Crosscurrents, writings of German political emigrés in nineteenth-century America.
|n Section II,
|p America and the Americans ;
|v v. 3.
|
| 999 |
|
|
|a MARS
|
| 999 |
f |
f |
|s 0f18c5a4-f972-3cc0-a083-f61284a06abd
|i 59acc7f5-1860-3251-81c1-a544cf9e5f12
|t 0
|
| 952 |
f |
f |
|p ric
|a Texas A&M University
|b Rellis Campus
|c Joint Library Facility
|d Remote Storage
|t 0
|e E184.G3 K7 1986
|h Library of Congress classification
|i unmediated -- volume
|m A14811683266
|
| 998 |
f |
f |
|a E184.G3 K7 1986
|t 0
|l Remote Storage
|